000 00345nam a2200145 i 4500
001 bg
100 1 _aLURCH, Norman E.
245 0 _aPodstawy techniki elektronicznej /
_cNorman E. Lurch.
250 _aWyd.3 popr.
260 _aWarszawa,
_c1976.
040 _cBPK
041 _apol
942 _cKS
008 s pl f |000 0 pol
999 _c16908
_d16908
856 _uhttp://koha.tu.koszalin.pl/cgi-bin/koha/opac-detail.pl?biblionumber=16908
_yKatalog online BPK